Perspektívy vývoja trhu potravín na osobitné výživové účely v liečebných zaradeniach diplomová práca

Salvato in:
Dettagli Bibliografici
Autore principale: Lopušanová, Dominika
Ente Autore: Obchodná fakulta EU. Katedra tovaroznalectva a kvality tovaru
Altri autori: Jarossová, Malgorzata Agnieszka, 1978-
Natura: Libro
Lingua:slovacco
Pubblicazione: Bratislava 2018
Tags: Aggiungi Tag
Nessun Tag, puoi essere il primo ad aggiungerne!!

MARC

LEADER 00000nbm a2200000 4500
001 0243353
005 20180911135941.1
041 0 |a slo 
044 |a SK 
245 1 0 |a Perspektívy vývoja trhu potravín na osobitné výživové účely v liečebných zaradeniach  |b diplomová práca  |c Dominika Lopušanová ; školiteľ: Malgorzata Agnieszka Jarossová 
264 1 |a Bratislava  |c 2018 
300 |a 67 s. 
100 1 |a Lopušanová, Dominika 
700 1 |a Jarossová, Malgorzata Agnieszka, 1978- 
710 2 |a Obchodná fakulta EU. Katedra tovaroznalectva a kvality tovaru